LDR 00575naa#a2200181#i#450# 001 EN\\bibl\121828 005 20260517151229.7 011 ## _a3034-4689 100 ## _a20260424b2026####ek#y0engy0150####ca 102 ## _aRU 200 1# _aFEATURES OF CONSTRUCTING A CLUSTER LINEAR REGRESSION WITH A COMMON PART _eJournal article 210 1# _aKazan _cKazan National Research Technological University _d2026 215 ## _a3 с. 608 ## _aJournal article _2local 700 #1 _aNoskov _gSergey Ivanovich 700 #1 _aVergasov _gAlexandr Sergeevich 700 #1 _aKirillov _gI. D. 856 4# _avestniktu.ru _u